000 00372nam a2200157Ia 4500
008 151213s9999 xx 000 0 und d
100 _aIemas Chellis
245 _aNetworking Essentials
_cIemas Chellis
250 _a2nd
260 _aIndia
_bBPB
_c1998
300 _a4202 p.
650 _aComputer
650 _aComputer
700 _aIemas Chellis
999 _c2626
_d2626